000 01008nam a2200301Ia 4500
003 OSt
005 20221007123151.0
006 a|||||r|||| 00| 0
007 ta
008 221006b |||||||| |||| 00| 0 eng d
020 _a9781482244885 (hbk)
024 _a201015
037 _b1110, 14/02/2020, Total Books India
_cTextual
040 _aPAPL
_cPAPL
_beng
041 _2eng
_aeng
082 _aC21, Q9 Carpa
100 _aChatterjee Ashok
_941426
245 0 _aPolarons and bipolarons: An introduction
_b Mukhopadhyay Soma
260 _aBoca
_bRaton CRC Press
_c2019
300 _axiv, 464p. ill.
_ccm.
500 _aBibliography 451-459p.; Index 461-464p.
650 _a Continuum polarons
_9716714
650 _a Polarons in tight-binding models
_9716715
650 _aPhysics
700 _a Mukhopadhyay Soma
_9716716
942 _hC21, Q9 Carpa
_cTEXL
_2CC
999 _c1211460
_d1211460